[Event "V Floripa Chess Open 2019"]
[Site "Florianopolis/SC"]
[Date "2019.01.24"]
[Round "5.194"]
[White "Stasaitits, Tiago"]
[Black "Dummer, Micael Schwenske"]
[Result "0-1"]
[WhiteElo "1528"]
[BlackElo "1800"]
[PlyCount "40"]
[EventDate "2019.01.21"]
[EventRounds "10"]
[EventCountry "BRA"]

1. e4 e5 2. Nf3 f5 3. Nc3 fxe4 4. Nxe5 Nf6 5. Be2 g6 6. Ng4 Nxg4 7. Bxg4 Nc6 8. Nxe4 Qe7 9. O-O d5 10. Nc3 Bxg4 11. Qxg4 Nb4 12. Qd1 O-O-O 13. Re1 Qf7 14. a3 Nc6 15. d3 Bd6 16. Bg5 Rdf8 17. Qd2 Bc5 18. Bh4 Qf5 19. Rf1 Qd7 20. Nxd5 Bd6 0-1

[Event "V Floripa Chess Open 2019"]
[Site "Florianopolis/SC"]
[Date "2019.01.24"]
[Round "5.195"]
[White "Rahn, Marlon Cristiano"]
[Black "De Oliveira, John Richard Aparec"]
[Result "1-0"]
[WhiteElo "1057"]
[BlackElo "1515"]
[PlyCount "58"]
[EventDate "2019.01.21"]
[EventRounds "10"]
[EventCountry "BRA"]

1. c4 e5 2. Nc3 Nc6 3. g3 f5 4. e3 Nf6 5. Bg2 Bb4 6. Nge2 O-O 7. a3 Bxc3 8. Nxc3 d6 9. O-O Qe8 10. Nb5 Qe7 11. d3 a6 12. Nc3 g5 13. Nd5 Qf7 14. f4 g4 15. b4 h5 16. Nxf6+ Qxf6 17. h4 gxh3 18. Bd5+ Kg7 19. Qxh5 Rh8 20. Qg5+ Qxg5 21. fxg5 Ne7 22. Bh1 c6 23. Kh2 Be6 24. c5 d5 25. Bb2 Ng6 26. e4 fxe4 27. dxe4 d4 28. Rf6 Raf8 29. Rff1 Rh5 1-0

[Event "V Floripa Chess Open 2019"]
[Site "Florianopolis/SC"]
[Date "2019.01.24"]
[Round "5.196"]
[White "Dias Filho, Pedro Stein"]
[Black "Zottis, Ernani"]
[Result "0-1"]
[WhiteElo "1507"]
[BlackElo "1800"]
[PlyCount "48"]
[EventDate "2019.01.21"]
[EventRounds "10"]
[EventCountry "BRA"]

1. e4 c5 2. Nf3 Nc6 3. d4 cxd4 4. Nxd4 e5 5. Nb5 d6 6. Be2 h6 7. O-O Nf6 8. N1c3 a6 9. Na3 b5 10. Naxb5 axb5 11. Bxb5 Bb7 12. Kh1 Be7 13. f4 O-O 14. Bd3 exf4 15. Bxf4 Nd4 16. Be3 Ne6 17. Qf3 Ng5 18. Bxg5 hxg5 19. a4 Qd7 20. a5 d5 21. Rfe1 Bb4 22. Kg1 d4 23. Nd5 Nxd5 24. exd5 Bxd5 0-1

[Event "V Floripa Chess Open 2019"]
[Site "Florianopolis/SC"]
[Date "2019.01.24"]
[Round "5.199"]
[White "Morato, Saulo Duenas"]
[Black "Santana Freitas, Maria Eduarda"]
[Result "0-1"]
[WhiteElo "1770"]
[BlackElo "1486"]
[PlyCount "86"]
[EventDate "2019.01.21"]
[EventRounds "10"]
[EventCountry "BRA"]

1. d4 Nf6 2. Bf4 g6 3. e3 Bg7 4. c3 d6 5. Nd2 O-O 6. Bd3 Nc6 7. Ngf3 Re8 8. O-O e5 9. Bg5 h6 10. Bxf6 Bxf6 11. Ne4 Bg7 12. d5 Ne7 13. c4 f5 14. Nc3 e4 15. Nxe4 fxe4 16. Bxe4 Nf5 17. Nd2 Bxb2 18. Rb1 Qf6 19. Qa4 Kf8 20. Qb3 Bc3 21. Bxf5 Bxf5 22. Rbd1 Bxd2 23. Rxd2 b6 24. Re1 Qg5 25. Qc3 Kg8 26. f3 Bd7 27. e4 Re7 28. Rde2 Rae8 29. Kf2 Qe5 30. Qa3 a5 31. g3 Qd4+ 32. Kg2 Qxc4 33. Qe3 Kh7 34. Rc1 Qb5 35. Rxc7 Bh3+ 36. Kxh3 Rxc7 37. Rd2 Qf1+ 38. Rg2 Rc2 39. Qf4 Qxg2+ 40. Kg4 h5+ 41. Kg5 Re5+ 42. Kf6 Rc8 43. Kf7 Qc2 0-1

[Event "V Floripa Chess Open 2019"]
[Site "Florianopolis/SC"]
[Date "2019.01.24"]
[Round "6.1"]
[White "Rodriguez Vila, Andres"]
[Black "Fier, Alexandr"]
[Result "0-1"]
[WhiteElo "2480"]
[BlackElo "2540"]
[PlyCount "142"]
[EventDate "2019.01.21"]
[EventRounds "10"]
[EventCountry "BRA"]

1. d4 Nf6 2. Nc3 d5 3. Bf4 e6 4. Nb5 Na6 5. e3 Be7 6. Nf3 O-O 7. Be2 c6 8. Nc3 c5 9. O-O Nb4 10. Nb5 a6 11. Bc7 Qe8 12. Nd6 Qd7 13. Nxc8 Qxc7 14. Nxe7+ Qxe7 15. Ne5 Rac8 16. c3 Nc6 17. Nxc6 Rxc6 18. dxc5 Rxc5 19. a4 Rfc8 20. Qb3 Ne4 21. Rad1 Nd6 22. Rd4 g6 23. Rfd1 Kg7 24. g3 R8c7 25. Bf3 f5 26. Bg2 Nc4 27. Qa2 Ne5 28. h3 Qe8 29. Qa1 Kg8 30. Kh1 Qe7 31. Qa2 Kg7 32. Kg1 Nd7 33. Qa3 Nf6 34. Rb4 R5c6 35. Qb3 Ne8 36. Kh2 Nd6 37. Qa2 Nc4 38. Bf1 Ne5 39. Be2 Rc5 40. Qa3 Nc6 41. Rb6 Ne5 42. Kg2 Nd7 43. Rb3 Nf6 44. Rb6 g5 45. Qb4 Kf7 46. g4 R5c6 47. Rxc6 Rxc6 48. gxf5 Qxb4 49. fxe6+ Kxe6 50. cxb4 Rc2 51. Kf1 Rxb2 52. b5 a5 53. Rc1 Kd7 54. f3 Rb4 55. Bd1 Rc4 56. Rxc4 dxc4 57. e4 Nh5 58. Kf2 Nf4 59. Bc2 Ke6 60. e5 h6 61. b6 Kxe5 62. Be4 Nd5 63. Ke1 Nxb6 64. Bxb7 Nxa4 65. Kd2 Kd4 66. Be4 Nc5 67. Bf5 a4 68. Kc2 Nd3 69. Kb1 c3 70. Bd7 a3 71. Ba4 Nb4 0-1

[Event "V Floripa Chess Open 2019"]
[Site "Florianopolis/SC"]
[Date "2019.01.24"]
[Round "6.3"]
[White "Almiron, Antonio"]
[Black "Granda Zuniga, Julio E"]
[Result "0-1"]
[WhiteElo "2392"]
[BlackElo "2641"]
[Annotator "TA"]
[PlyCount "80"]
[EventDate "2019.01.21"]
[EventRounds "10"]
[EventCountry "BRA"]

1. e4 e5 2. Nf3 Nc6 3. Nc3 Nf6 4. Bb5 Bb4 5. O-O O-O 6. d3 Bxc3 7. bxc3 d6 8. Bg5 Nb8 9. Re1 h6 10. Bh4 c6 11. Bc4 Nbd7 12. d4 Qc7 13. Qd2 Re8 14. Rad1 Nh7 15. Bb3 Ndf8 16. Bg3 Bg4 17. dxe5 dxe5 18. Qd6 Qxd6 19. Rxd6 Bxf3 20. gxf3 Nf6 21. a4 a5 22. Bc4 N8d7 23. f4 Nb6 24. Bb3 exf4 25. Rxf6 gxf6 26. Bxf4 c5 27. Bc7 Ra6 28. Rb1 c4 29. Ba2 Nxa4 30. Bxc4 Rc6 31. Bb5 Rxc7 32. Bxe8 Nxc3 33. Ra1 Kf8 34. Ba4 b5 35. Bxb5 Nxb5 36. Rxa5 Nd4 37. Rd5 Nf3+ 38. Kg2 Ng5 39. e5 f5 40. Rd8+ Kg7 0-1

[Event "V Floripa Chess Open 2019"]
[Site "Florianopolis/SC"]
[Date "2019.01.24"]
[Round "6.4"]
[White "Matsuura, Frederico"]
[Black "Felgaer, Ruben"]
[Result "0-1"]
[WhiteElo "2248"]
[BlackElo "2567"]
[Annotator "TA"]
[PlyCount "78"]
[EventDate "2019.01.21"]
[EventRounds "10"]
[EventCountry "BRA"]

1. d4 d6 2. Nf3 Nf6 3. c4 g6 4. Nc3 Bg7 5. e4 O-O 6. Be2 c5 7. dxc5 dxc5 8. Be3 b6 9. O-O Nc6 10. Qc2 Bg4 11. Rad1 Nd7 12. Qa4 Qc8 13. Nd5 Re8 14. Bf4 Bxf3 15. Bxf3 Nde5 16. Be2 Nd4 17. Rfe1 e6 18. Nc3 a6 19. Rd2 b5 20. Qd1 Nxe2+ 21. Qxe2 Nxc4 22. Rdd1 Ne5 23. Qe3 c4 24. Bxe5 Bxe5 25. f4 Bb8 26. Kh1 Ba7 27. Qg3 b4 28. Ne2 Qc6 29. Qg5 Bf2 30. Rf1 Bc5 31. Ng3 Be7 32. Qg4 Rad8 33. f5 Rxd1 34. Rxd1 exf5 35. exf5 c3 36. bxc3 bxc3 37. fxg6 hxg6 38. Nf5 c2 39. Rc1 Ba3 0-1

[Event "V Floripa Chess Open 2019"]
[Site "Florianopolis/SC"]
[Date "2019.01.24"]
[Round "6.5"]
[White "Cubas, Jose Fernando"]
[Black "Hoffman, Alejandro"]
[Result "0-1"]
[WhiteElo "2506"]
[BlackElo "2454"]
[PlyCount "130"]
[EventDate "2019.01.21"]
[EventRounds "10"]
[EventCountry "BRA"]

1. e4 c5 2. Nc3 Nc6 3. g3 g6 4. Bg2 Bg7 5. d3 d6 6. f4 e6 7. Nf3 Nge7 8. O-O O-O 9. Be3 Nd4 10. Qd2 Bd7 11. e5 Nef5 12. Bf2 Nxf3+ 13. Bxf3 Nd4 14. Bg2 dxe5 15. fxe5 Bxe5 16. Ne4 b6 17. c3 Nc6 18. d4 cxd4 19. cxd4 Bg7 20. d5 exd5 21. Qxd5 Ne5 22. Be3 Bc6 23. Qxd8 Raxd8 24. Bg5 Bxe4 25. Bxe4 f6 26. Bf4 f5 27. Bc2 Nd3 28. Bg5 Bf6 29. Bxf6 Rxf6 30. Rad1 Rfd6 31. Bxd3 Rxd3 32. Rxd3 Rxd3 33. Rf2 Kg7 34. Rc2 Kf6 35. Kf2 h5 36. Rc6+ Ke5 37. Ke2 Rd6 38. Rc7 a5 39. Ke3 Re6 40. Kf3 g5 41. h4 g4+ 42. Kf2 f4 43. gxf4+ Kxf4 44. Rf7+ Ke4 45. a4 Rc6 46. Re7+ Kf4 47. Rf7+ Ke4 48. Re7+ Kd4 49. Kg3 Rf6 50. Rh7 Rf3+ 51. Kg2 Rf5 52. Kg3 Kc4 53. Rh6 b5 54. axb5 Rxb5 55. Rc6+ Kb3 56. Rg6 Kxb2 57. Rg5 Rb3+ 58. Kf4 a4 59. Rxh5 Rb4+ 60. Kg3 a3 61. Re5 a2 62. Re2+ Ka3 63. Re1 Rb1 64. Re8 Rb3+ 65. Kxg4 Rb4+ 0-1

[Event "V Floripa Chess Open 2019"]
[Site "Florianopolis/SC"]
[Date "2019.01.24"]
[Round "6.6"]
[White "Languidey, Simon Alejandro"]
[Black "Menna Barreto, Felipe Kubiaki"]
[Result "1/2-1/2"]
[WhiteElo "2416"]
[BlackElo "2389"]
[PlyCount "39"]
[EventDate "2019.01.21"]
[EventRounds "10"]
[EventCountry "BRA"]

1. e4 c6 2. d4 d5 3. exd5 cxd5 4. c4 Nf6 5. Nc3 Nc6 6. Bg5 e6 7. Nf3 Be7 8. c5 Ne4 9. Bxe7 Qxe7 10. Bb5 Nxc3 11. bxc3 e5 12. O-O exd4 13. Re1 Be6 14. cxd4 O-O 15. Bxc6 bxc6 16. Qa4 Qc7 17. Re3 Rfe8 18. Rae1 Bd7 19. h3 f6 20. Rxe8+ 1/2-1/2

[Event "V Floripa Chess Open 2019"]
[Site "Florianopolis/SC"]
[Date "2019.01.24"]
[Round "6.7"]
[White "Starke, Bruno Orlando"]
[Black "Supi, Luis Paulo"]
[Result "0-1"]
[WhiteElo "2170"]
[BlackElo "2546"]
[Annotator "RC"]
[PlyCount "129"]
[EventDate "2019.01.21"]
[EventRounds "10"]
[EventCountry "BRA"]

1. Nf3 Nf6 2. c4 g6 3. g3 Bg7 4. Bg2 O-O 5. O-O d6 6. d4 Nbd7 7. Nc3 e5 8. e4 Re8 9. h3 exd4 10. Nxd4 Nc5 11. Re1 Bd7 12. f3 h5 13. Bg5 Qc8 14. Kh2 Nh7 15. Be3 a5 16. Qd2 Be5 17. f4 Bg7 18. Rad1 Nf8 19. Bf2 Na4 20. Nxa4 Bxa4 21. Rc1 Bd7 22. c5 dxc5 23. Rxc5 Ne6 24. Nxe6 Bxe6 25. Qc2 c6 26. f5 Bd7 27. fxg6 fxg6 28. Rg5 Kh7 29. e5 Bf5 30. Be4 Rxe5 31. Bxf5 Rxf5 32. Rxf5 Qxf5 33. Qxf5 gxf5 34. Re7 Rd8 35. Be1 Kg6 36. Rxb7 Rd5 37. Re7 Bxb2 38. Re6+ Kf7 39. Rxc6 Re5 40. Rc2 Bd4 41. Bf2 Bxf2 42. Rxf2 Ke6 43. Kg2 Re3 44. Rb2 Ra3 45. Re2+ Kd5 46. h4 a4 47. Rf2 Ke4 48. Rf4+ Ke5 49. Rf2 Re3 50. Rb2 Ra3 51. Re2+ Kd4 52. Rf2 Ke4 53. Rf4+ Ke5 54. Rf2 Rd3 55. Re2+ Kf6 56. Rf2 a3 57. Rf3 Rd2+ 58. Rf2 Rb2 59. Kf3 Ke5 60. Ke3 Rxf2 61. Kxf2 Kd4 62. Ke2 f4 63. Kf2 f3 64. Kf1 Ke3 65. g4 0-1

[Event "V Floripa Chess Open 2019"]
[Site "Florianopolis/SC"]
[Date "2019.01.24"]
[Round "6.8"]
[White "Perdomo, Leandro"]
[Black "De Lima, Alexsandro Barros"]
[Result "1-0"]
[WhiteElo "2470"]
[BlackElo "2168"]
[Annotator "TA"]
[PlyCount "73"]
[EventDate "2019.01.21"]
[EventRounds "10"]
[EventCountry "BRA"]

1. d4 Nf6 2. c4 g6 3. Nc3 Bg7 4. e4 O-O 5. Be3 d6 6. f3 e5 7. Nge2 c6 8. Qd2 Nbd7 9. d5 cxd5 10. cxd5 a6 11. g4 b5 12. Ng3 Nb6 13. h4 Bxg4 14. fxg4 Nxg4 15. Be2 Nxe3 16. Qxe3 Rc8 17. a3 f5 18. exf5 gxf5 19. Nh5 Rf7 20. Qg5 Qxg5 21. hxg5 e4 22. Nxg7 Rxg7 23. Rh5 Rc5 24. Rd1 Re7 25. Rh6 Nc8 26. Rf6 Rf7 27. Re6 Re7 28. Rf6 Rf7 29. Bh5 Rf8 30. Ke2 a5 31. Rd4 Kg7 32. Re6 Rd8 33. Be8 Rc4 34. Nxb5 Nb6 35. Rxc4 Nxc4 36. b3 Nb6 37. Bc6 1-0

[Event "V Floripa Chess Open 2019"]
[Site "Florianopolis/SC"]
[Date "2019.01.24"]
[Round "6.9"]
[White "Molina, Roberto Junio Brito"]
[Black "Filgueiras, Nathan Felipe"]
[Result "1/2-1/2"]
[WhiteElo "2458"]
[BlackElo "2161"]
[PlyCount "97"]
[EventDate "2019.01.21"]
[EventRounds "10"]
[EventCountry "BRA"]

1. Nf3 Nf6 2. g3 b6 3. Bg2 Bb7 4. c4 e6 5. O-O Be7 6. Nc3 O-O 7. d4 Ne4 8. Nxe4 Bxe4 9. Bd2 d5 10. Qb3 c5 11. Rfd1 Nd7 12. Rac1 Qc8 13. Ne1 Bxg2 14. Nxg2 dxc4 15. Qxc4 Qb7 16. dxc5 Nxc5 17. Be3 Rfd8 18. Nf4 Rac8 19. Rxd8+ Rxd8 20. f3 e5 21. Nh3 Ne6 22. Qb5 e4 23. Qc6 Qxc6 24. Rxc6 exf3 25. exf3 Rd1+ 26. Kg2 h6 27. Nf2 Rb1 28. Rc8+ Kh7 29. Rc2 Bc5 30. Bxc5 Nxc5 31. f4 f5 32. Kf3 Re1 33. b4 Ne4 34. Nd3 Rb1 35. g4 Nf6 36. gxf5 a5 37. bxa5 bxa5 38. Rc5 a4 39. Ra5 Rd1 40. Nf2 Rd4 41. Re5 Rd2 42. Re2 Rd5 43. Re5 Rd2 44. a3 Rb2 45. Re3 Rb5 46. Ng4 Rxf5 47. Re5 Rxe5 48. Nxe5 Nd5 49. f5 1/2-1/2

[Event "V Floripa Chess Open 2019"]
[Site "Florianopolis/SC"]
[Date "2019.01.24"]
[Round "6.10"]
[White "Quintiliano Pinto, Renato R."]
[Black "Luz, Arthur Nader"]
[Result "1-0"]
[WhiteElo "2441"]
[BlackElo "2154"]
[PlyCount "61"]
[EventDate "2019.01.21"]
[EventRounds "10"]
[EventCountry "BRA"]

1. d4 Nf6 2. c4 g6 3. Nc3 Bg7 4. e4 d6 5. Nf3 O-O 6. Be2 e5 7. O-O Nc6 8. d5 Ne7 9. b4 a5 10. Ba3 Re8 11. bxa5 Rxa5 12. Bb4 Ra8 13. Re1 c5 14. dxc6 Nxc6 15. Bxd6 Bg4 16. c5 Qa5 17. Qd3 Bxf3 18. Bxf3 Nd4 19. Rab1 Nd7 20. Qc4 Nc2 21. Rxb7 Nxe1 22. Rxd7 Nxf3+ 23. gxf3 Re6 24. Nd5 Bf6 25. Kg2 Qd2 26. Bxe5 Qg5+ 27. Bg3 Ra3 28. c6 Qh5 29. c7 Qxf3+ 30. Kg1 Rxe4 31. Qxe4 1-0

[Event "V Floripa Chess Open 2019"]
[Site "Florianopolis/SC"]
[Date "2019.01.24"]
[Round "6.11"]
[White "Proudian, Armen"]
[Black "Souza, Rafael Cabral De"]
[Result "1-0"]
[WhiteElo "2413"]
[BlackElo "2142"]
[PlyCount "105"]
[EventDate "2019.01.21"]
[EventRounds "10"]
[EventCountry "BRA"]

1. e4 g6 2. d4 d6 3. Nc3 Bg7 4. Be3 c6 5. a4 a5 6. Qd2 Na6 7. h3 Nb4 8. Nce2 Nf6 9. Ng3 h5 10. c3 h4 11. cxb4 hxg3 12. f3 Nh5 13. Bd3 axb4 14. Qxb4 O-O 15. Ne2 b5 16. O-O bxa4 17. Rxa4 c5 18. Qa3 Rb8 19. Rb1 cxd4 20. Nxd4 Bd7 21. Ra7 Nf4 22. Bf1 d5 23. Nb3 e5 24. Nc5 Bc6 25. b4 d4 26. Bd2 Qb6 27. Rc1 Bb5 28. Qa5 Bxf1 29. Qxb6 Rxb6 30. Kxf1 Rc8 31. Rca1 Rb5 32. Ra8 Rbb8 33. Rxb8 Rxb8 34. Rb1 Rb5 35. Bxf4 exf4 36. Nd3 g5 37. Ra1 Rb8 38. Ra5 Bf6 39. Ke2 Be7 40. b5 Kg7 41. Ne5 Rb7 42. Nc6 Bc5 43. Kd3 Bb6 44. Ra6 f6 45. Kc4 d3 46. Kxd3 Rd7+ 47. Kc3 Be3 48. b6 Kh6 49. Na5 Bd4+ 50. Kc2 Be5 51. b7 Kg7 52. Rb6 Rc7+ 53. Nc6 1-0

[Event "V Floripa Chess Open 2019"]
[Site "Florianopolis/SC"]
[Date "2019.01.24"]
[Round "6.12"]
[White "Awoki, Daniel Teidi"]
[Black "Mussanti, Diego"]
[Result "0-1"]
[WhiteElo "2143"]
[BlackElo "2352"]
[PlyCount "54"]
[EventDate "2019.01.21"]
[EventRounds "10"]
[EventCountry "BRA"]

1. e4 c5 2. Nf3 e6 3. d4 cxd4 4. Nxd4 Nc6 5. Nc3 d6 6. Be3 Nf6 7. f3 Be7 8. Qd2 a6 9. O-O-O O-O 10. g4 Nxd4 11. Bxd4 b5 12. a3 Nd7 13. h4 Rb8 14. Kb1 Ne5 15. Be2 Nc6 16. Be3 b4 17. axb4 Rxb4 18. g5 Bd7 19. h5 Qc7 20. g6 Rfb8 21. b3 Bf6 22. Kb2 Na5 23. Rc1 Rc4 24. h6 fxg6 25. hxg7 Bxc3+ 26. Qxc3 Rxc3 27. Bd4 Nxb3 0-1

[Event "V Floripa Chess Open 2019"]
[Site "Florianopolis/SC"]
[Date "2019.01.24"]
[Round "6.13"]
[White "Coro, Lucas"]
[Black "Calcado, Acyr Rogerio"]
[Result "1/2-1/2"]
[WhiteElo "2325"]
[BlackElo "2141"]
[PlyCount "67"]
[EventDate "2019.01.21"]
[EventRounds "10"]
[EventCountry "BRA"]

1. e4 e5 2. Nf3 Nc6 3. Bb5 Nf6 4. d3 Bc5 5. c3 d6 6. Nbd2 a6 7. Bxc6+ bxc6 8. O-O O-O 9. Qe2 h6 10. Nb3 Bb6 11. Be3 Ng4 12. Bxb6 cxb6 13. h3 Nf6 14. Rfe1 Nh5 15. d4 Nf4 16. Qe3 Qf6 17. Kh2 Qg6 18. Rg1 Qh5 19. Nfd2 Be6 20. Nc1 Rfe8 21. Nd3 Nxd3 22. Qxd3 d5 23. Rae1 exd4 24. Qxd4 c5 25. Qa4 Qe5+ 26. Kh1 Qf4 27. Re2 dxe4 28. Nxe4 b5 29. Qc2 Bf5 30. Rge1 Bxe4 31. Rxe4 Rxe4 32. Rxe4 Qd6 33. Qe2 Kf8 34. Re5 1/2-1/2

[Event "V Floripa Chess Open 2019"]
[Site "Florianopolis/SC"]
[Date "2019.01.24"]
[Round "6.14"]
[White "Rangel, Daniel"]
[Black "Dos Santos Junior, Haroldo Cunha"]
[Result "1-0"]
[WhiteElo "2322"]
[BlackElo "2129"]
[PlyCount "65"]
[EventDate "2019.01.21"]
[EventRounds "10"]
[EventCountry "BRA"]

1. e4 e5 2. Nf3 Nc6 3. d4 exd4 4. Nxd4 d6 5. Nc3 Nf6 6. Bc4 Be7 7. O-O O-O 8. Re1 Ne5 9. Bf1 c6 10. a4 Re8 11. f4 Ng6 12. a5 Bf8 13. h3 h5 14. Nf3 h4 15. f5 Ne5 16. Bg5 b5 17. Bxh4 b4 18. Nb1 d5 19. Nbd2 Nxf3+ 20. Qxf3 Bc5+ 21. Kh1 Bd4 22. exd5 cxd5 23. c3 bxc3 24. bxc3 Be5 25. Nc4 Bc7 26. Bxf6 gxf6 27. Rxe8+ Qxe8 28. Qxd5 Rb8 29. Nd6 Qe7 30. Rd1 Bb7 31. Nxb7 Rxb7 32. Qxb7 Qe5 33. g3 1-0

[Event "V Floripa Chess Open 2019"]
[Site "Florianopolis/SC"]
[Date "2019.01.24"]
[Round "6.15"]
[White "Goncalves, Davi Sulzbacher"]
[Black "Poeta, Caio Medeiros"]
[Result "1-0"]
[WhiteElo "2313"]
[BlackElo "2110"]
[PlyCount "77"]
[EventDate "2019.01.21"]
[EventRounds "10"]
[EventCountry "BRA"]

1. d4 Nf6 2. Nf3 d5 3. c4 e6 4. g3 Be7 5. Bg2 O-O 6. O-O c6 7. Qc2 Nbd7 8. Nbd2 b6 9. e4 Bb7 10. cxd5 cxd5 11. e5 Ne8 12. Re1 Rc8 13. Qa4 Bc6 14. Qd1 b5 15. Nf1 Nb6 16. h4 a5 17. Bg5 b4 18. Qd3 Nc7 19. Bxe7 Qxe7 20. Rac1 Bb7 21. Ng5 g6 22. Ne3 h6 23. Nh3 Kg7 24. h5 Nd7 25. Nf4 Ba6 26. Qd1 Nb5 27. Rxc8 Rxc8 28. hxg6 fxg6 29. Qg4 Nf8 30. Bxd5 Nxd4 31. Nxe6+ Nfxe6 32. Bxe6 Qxe6 33. Qxd4 Bb7 34. Qd6 Qxd6 35. exd6 Bf3 36. d7 Rd8 37. Nc4 Kf6 38. Re8 Rxd7 39. Rf8+ 1-0

[Event "V Floripa Chess Open 2019"]
[Site "Florianopolis/SC"]
[Date "2019.01.24"]
[Round "6.16"]
[White "Rodrigues, Edgar"]
[Black "Diaz, Fernando"]
[Result "1-0"]
[WhiteElo "2312"]
[BlackElo "2095"]
[PlyCount "73"]
[EventDate "2019.01.21"]
[EventRounds "10"]
[EventCountry "BRA"]

1. e4 e6 2. d4 d5 3. Nd2 a6 4. Ngf3 Nf6 5. e5 Nfd7 6. Bd3 c5 7. c3 Nc6 8. O-O Be7 9. Re1 g5 10. dxc5 Nxc5 11. Bc2 h5 12. Nd4 Nd7 13. N2f3 g4 14. Nxc6 bxc6 15. Nd4 Qc7 16. Bf4 c5 17. Nb3 Bb7 18. c4 O-O-O 19. cxd5 Bxd5 20. Qe2 Bb7 21. Be4 Bxe4 22. Qxe4 Qb7 23. Qc2 h4 24. Na5 Qa8 25. b4 h3 26. Qe4 Qxe4 27. Rxe4 Kc7 28. Rc1 Kb6 29. Be3 Rhg8 30. Nb3 Bg5 31. bxc5+ Kc7 32. c6 Nb8 33. Rb4 Nxc6 34. Rbc4 Bxe3 35. fxe3 g3 36. gxh3 a5 37. Nd4 1-0

[Event "V Floripa Chess Open 2019"]
[Site "Florianopolis/SC"]
[Date "2019.01.24"]
[Round "6.17"]
[White "Fabrega, Enrique"]
[Black "Belmonte, Diego Mariano"]
[Result "0-1"]
[WhiteElo "2125"]
[BlackElo "2309"]
[PlyCount "38"]
[EventDate "2019.01.21"]
[EventRounds "10"]
[EventCountry "BRA"]

1. e4 Nf6 2. e5 Nd5 3. c4 Nb6 4. d4 d6 5. exd6 cxd6 6. Nf3 g6 7. Nc3 Bg7 8. Be3 O-O 9. Be2 Nc6 10. Rc1 Bg4 11. b3 d5 12. c5 Nc8 13. h3 Bxf3 14. Bxf3 e6 15. Qd2 N8e7 16. g4 f5 17. Ne2 e5 18. dxe5 Nxe5 19. Nd4 f4 0-1

[Event "V Floripa Chess Open 2019"]
[Site "Florianopolis/SC"]
[Date "2019.01.24"]
[Round "6.18"]
[White "Aranha Filho, Alvaro Z."]
[Black "Riline, Alejandro"]
[Result "1/2-1/2"]
[WhiteElo "2294"]
[BlackElo "2107"]
[PlyCount "92"]
[EventDate "2019.01.21"]
[EventRounds "10"]
[EventCountry "BRA"]

1. d4 d5 2. Nf3 Nf6 3. c4 c6 4. Qc2 g6 5. Bf4 dxc4 6. Qxc4 Bg7 7. Nc3 O-O 8. e4 b5 9. Qb3 a6 10. Be2 Bg4 11. O-O Nbd7 12. Rfd1 Qb6 13. h3 Be6 14. Qc2 h6 15. Be3 Qb7 16. Nd2 Nb6 17. Nb3 Bxb3 18. Qxb3 Rfd8 19. a4 e6 20. Bf4 Bf8 21. a5 Nbd7 22. Bf3 Rac8 23. Bg3 Qa7 24. Bh4 Re8 25. Rac1 g5 26. Bg3 e5 27. dxe5 Nxe5 28. Be2 b4 29. Na4 Nxe4 30. Nb6 Nxg3 31. Qxg3 Rc7 32. h4 Ng6 33. Nd5 Rxe2 34. Nxc7 Bc5 35. Rd8+ Kh7 36. Rf1 gxh4 37. Qg4 Rxf2 38. Rxf2 Bxf2+ 39. Kh1 Bg3 40. Ne8 Qf2 41. Rd1 c5 42. Qc4 h3 43. Qf1 hxg2+ 44. Qxg2 Qf4 45. Rf1 Qh4+ 46. Kg1 Qd4+ 1/2-1/2

[Event "V Floripa Chess Open 2019"]
[Site "Florianopolis/SC"]
[Date "2019.01.24"]
[Round "6.19"]
[White "Guimaraes, Diogo Duarte"]
[Black "Souza Neves, Andrey M."]
[Result "1-0"]
[WhiteElo "2278"]
[BlackElo "2086"]
[PlyCount "171"]
[EventDate "2019.01.21"]
[EventRounds "10"]
[EventCountry "BRA"]

1. e4 c6 2. d4 d5 3. Nd2 dxe4 4. Nxe4 Bf5 5. Ng3 Bg6 6. h4 h6 7. h5 Bh7 8. Nf3 Nd7 9. Bd3 Bxd3 10. Qxd3 e6 11. Bd2 Ngf6 12. Kf1 Be7 13. Re1 O-O 14. Ne4 c5 15. g4 Nxe4 16. Qxe4 Nf6 17. Qd3 Nh7 18. Rg1 Ng5 19. Nxg5 hxg5 20. dxc5 Qxd3+ 21. cxd3 Rfd8 22. Ke2 Rd5 23. b4 Rad8 24. Be3 Rxd3 25. Rd1 R3d7 26. Rxd7 Rxd7 27. Rd1 Rc7 28. f4 f6 29. fxg5 fxg5 30. Kd3 Rd7+ 31. Kc2 Rc7 32. Kb3 a6 33. Ka4 Kf7 34. Rf1+ Bf6 35. Bxg5 Rd7 36. h6 Kg6 37. h7 Rd8 38. Bxf6 gxf6 39. Ka5 Rh8 40. Rh1 Rxh7 41. Rxh7 Kxh7 42. Kb6 e5 43. Kxb7 e4 44. c6 e3 45. c7 e2 46. c8=Q e1=Q 47. Qc4 Kg6 48. Kxa6 Qe8 49. b5 Qa8+ 50. Kb6 Qd8+ 51. Kc5 Qe7+ 52. Kd4 Qe5+ 53. Kd3 Qg3+ 54. Kc2 Qf2+ 55. Kb3 Qe3+ 56. Kb2 Qe5+ 57. Kc2 Qh2+ 58. Kb3 Qg3+ 59. Ka4 Qb8 60. Qe4+ Kg7 61. a3 Qb6 62. Qe7+ Kg6 63. Kb4 Qd4+ 64. Ka5 Qxg4 65. b6 Qf5+ 66. Ka6 Qd3+ 67. Ka7 Qd4 68. Qe8+ Kg5 69. a4 f5 70. Qb5 Kg4 71. Ka6 Qd6 72. Ka5 Qd8 73. Qe2+ Kg3 74. Qe3+ Kg4 75. Qg1+ Kf3 76. Qf1+ Kg3 77. Qe1+ Kf3 78. Qc3+ Kg4 79. Kb5 f4 80. b7 Qd7+ 81. Kb6 Qd6+ 82. Ka7 Qe7 83. Qc8+ Kg3 84. Qg8+ Kf2 85. Qd5 Qe8 86. Qd4+ 1-0

[Event "V Floripa Chess Open 2019"]
[Site "Florianopolis/SC"]
[Date "2019.01.24"]
[Round "6.20"]
[White "Frois, Vitor Amorim"]
[Black "Cadilhac, Igor Tokuichi Kikuc"]
[Result "1-0"]
[WhiteElo "2109"]
[BlackElo "2277"]
[PlyCount "54"]
[EventDate "2019.01.21"]
[EventRounds "10"]
[EventCountry "BRA"]

1. e4 e5 2. Nc3 d6 3. g3 Nc6 4. Bg2 h5 5. h3 Be6 6. Nge2 Qd7 7. d4 exd4 8. Nxd4 Nxd4 9. Qxd4 Ne7 10. b3 f5 11. Bb2 h4 12. O-O-O hxg3 13. fxg3 Nc6 14. Qe3 O-O-O 15. exf5 Bxf5 16. Nb5 Nb4 17. Bxb7+ Kxb7 18. Qxa7+ Kc6 19. Nd4+ Kd5 20. Qb7+ Ke5 21. Qxb4 Kf6 22. Nxf5+ Kf7 23. Rhf1 Kg8 24. Qg4 Rh7 25. Rde1 Kh8 26. Nh4 Qxg4 27. hxg4 Rxh4 1-0

[Event "V Floripa Chess Open 2019"]
[Site "Florianopolis/SC"]
[Date "2019.01.24"]
[Round "6.21"]
[White "Villalba, Marcelo"]
[Black "Carvalho, Rafael Cunha De"]
[Result "1/2-1/2"]
[WhiteElo "2276"]
[BlackElo "2071"]
[PlyCount "21"]
[EventDate "2019.01.21"]
[EventRounds "10"]
[EventCountry "BRA"]

1. e4 e6 2. Qe2 c5 3. Nf3 Nc6 4. g3 g6 5. Bg2 Bg7 6. O-O Nge7 7. c3 O-O 8. Rd1 d5 9. d3 b5 10. exd5 exd5 11. d4 1/2-1/2

[Event "V Floripa Chess Open 2019"]
[Site "Florianopolis/SC"]
[Date "2019.01.24"]
[Round "6.22"]
[White "Miguel, Gabriel Carvalho Mo"]
[Black "Cordero, Daniela"]
[Result "1-0"]
[WhiteElo "2246"]
[BlackElo "2053"]
[PlyCount "141"]
[EventDate "2019.01.21"]
[EventRounds "10"]
[EventCountry "BRA"]

1. e4 e6 2. d4 d5 3. Nd2 c5 4. exd5 exd5 5. Ngf3 Nf6 6. Be2 Be7 7. O-O O-O 8. dxc5 Bxc5 9. Nb3 Bb6 10. Bg5 Nbd7 11. c3 h6 12. Bh4 Re8 13. Qc2 g5 14. Bg3 Ne4 15. Rad1 Nxg3 16. hxg3 Qc7 17. Nfd4 Nf6 18. Bb5 Re4 19. Bd3 Re8 20. Rde1 Bd7 21. Kh1 a6 22. Nf5 Bxf5 23. Bxf5 Ne4 24. Bxe4 dxe4 25. Rxe4 Rxe4 26. Qxe4 Qd7 27. Qf3 Re8 28. Rd1 Qb5 29. Kh2 a5 30. Rd5 Qe2 31. Nd4 Bxd4 32. cxd4 Qxf3 33. gxf3 Re2 34. Kg2 Rxb2 35. Rxa5 Rd2 36. Ra4 b5 37. Rb4 Rxa2 38. Rxb5 Rd2 39. Rd5 Kf8 40. f4 gxf4 41. gxf4 Rd3 42. f3 Ke7 43. f5 Kf6 44. Kg3 Kg5 45. f6+ Kxf6 46. Kf4 h5 47. Ke4 Rd1 48. Rxh5 Ke6 49. Re5+ Kd6 50. f4 Rd2 51. Ra5 Re2+ 52. Kf5 Rd2 53. Ra7 Rxd4 54. Rxf7 Rd1 55. Kf6 Rf1 56. f5 Rf2 57. Ra7 Rf1 58. Ra6+ Kd7 59. Re6 Rf2 60. Re1 Rf3 61. Kg6 Rg3+ 62. Kf7 Rf3 63. Rd1+ Kc7 64. f6 Rf2 65. Kg7 Rg2+ 66. Kf8 Rf2 67. f7 Rg2 68. Rd4 Rg1 69. Ke7 Re1+ 70. Kf6 Rf1+ 71. Ke6 1-0